[Event "Solingen-ch 2012"]
[Site "Solingen"]
[Date "2012.11.23"]
[Round "6.20"]
[White "Littek, Oliver"]
[Black "Möller, Laura"]
[Result "0-1"]
[WhiteElo "826"]
[BlackElo "918"]
[PlyCount "46"]
[EventDate "2012.??.??"]
[WhiteTeam "SG Solingen"]
[BlackTeam "SG Solingen"]

1. e4 c5 2. Nf3 g6 3. Nc3 Bg7 4. Bc4 e6 5. O-O Nf6 6. d4 d5 7. exd5 exd5 8.
Bb5+ Nc6 9. Ne5 O-O 10. Nxc6 bxc6 11. Bxc6 Rb8 12. Bf4 Rxb2 13. Rb1 Rxb1 14.
Nxb1 Qb6 15. Bd6 Qxc6 16. Bxf8 Bxf8 17. c3 c4 18. Qf3 Qd6 19. h3 Bh6 20. Qg3
Bf4 21. Qf3 Bf5 22. Qd1 g5 23. Qa4 a6 0-1

[Event "Solingen-ch 2012"]
[Site "Solingen"]
[Date "2012.12.07"]
[Round "7.1"]
[White "Kniest, Oliver"]
[Black "Berg, Michael"]
[Result "0-1"]
[WhiteElo "2289"]
[BlackElo "2311"]
[PlyCount "90"]
[EventDate "2012.??.??"]
[WhiteTeam "SG Solingen"]
[BlackTeam "SG Solingen"]

1. d4 Nf6 2. c4 g6 3. g3 Bg7 4. Bg2 O-O 5. Nc3 d6 6. Nf3 Nbd7 7. O-O e5 8. e4
a5 9. Rb1 a4 10. h3 c6 11. Be3 Qa5 12. Qc2 b5 13. c5 b4 14. Ne2 d5 15. dxe5
Nxe4 16. Ned4 Bb7 17. e6 Ndxc5 18. exf7+ Rxf7 19. Rbc1 Re8 20. Rfe1 Bf8 21. Bf4
Rfe7 22. Red1 Qb6 23. Ng5 b3 24. axb3 axb3 25. Qb1 Bg7 26. Nxe4 Nxe4 27. Qd3 g5
28. Be3 Nc5 29. Qd2 Rxe3 30. fxe3 Ne4 31. Bxe4 Rxe4 32. Rc3 Qc7 33. Qf2 Qd7 34.
Rxb3 Bc8 35. Qg2 Qd6 36. Nb5 Qe5 37. Na7 Bd7 38. Re1 Bf8 39. Rb7 Be8 40. Qf3
Qe6 41. b4 d4 42. Rf1 Bd6 43. exd4 Re3 44. Qf5 Rxg3+ 45. Kh1 Rxh3+ 0-1

[Event "Solingen-ch 2012"]
[Site "Solingen"]
[Date "2012.12.07"]
[Round "7.2"]
[White "Neumair, Jerome"]
[Black "Kappelt, Jörg"]
[Result "1-0"]
[WhiteElo "2077"]
[BlackElo "2174"]
[PlyCount "133"]
[EventDate "2012.??.??"]
[WhiteTeam "SG Solingen"]
[BlackTeam "SV 1922 Hilden"]

1. d4 Nf6 2. c4 g6 3. Nc3 Bg7 4. e4 d6 5. Nf3 O-O 6. h3 Nbd7 7. Be3 e5 8. d5
Nh5 9. Nd2 c6 10. g3 Bf6 11. Be2 Ng7 12. Qc2 Bg5 13. Bxg5 Qxg5 14. h4 Qd8 15.
h5 a6 16. O-O-O c5 17. f4 Ne8 18. Nf3 Ndf6 19. hxg6 fxg6 20. fxe5 dxe5 21. Qd2
Ng4 22. Rdf1 b5 23. cxb5 axb5 24. Bxb5 Nd6 25. Bd3 c4 26. Bb1 Bd7 27. Ng5 Qb6
28. Ne6 Rxf1+ 29. Rxf1 Rb8 30. Rf3 Qg1+ 31. Qd1 Qh2 32. Qe2 Qh1+ 33. Qd1 Qh6+
34. Qd2 Qxd2+ 35. Kxd2 Rxb2+ 36. Bc2 Rb8 37. Nc5 Be8 38. Ne6 Bf7 39. Nc5 Kg7
40. a4 Ra8 41. Rf1 Ra5 42. Nd7 Ra7 43. Bd1 Nh2 44. Rf2 Rxd7 45. Rxh2 Rb7 46.
Kc1 Ra7 47. Rb2 Ra6 48. Rb4 h5 49. Be2 g5 50. Kd2 Bg6 51. Ke3 h4 52. gxh4 gxh4
53. Bxc4 Ra8 54. Bf1 Rc8 55. Nb5 Nxe4 56. Rxe4 Bxe4 57. Kxe4 Ra8 58. Kxe5 Rxa4
59. Ke6 Re4+ 60. Kd7 Re1 61. Bg2 Rg1 62. Be4 Kf6 63. d6 h3 64. Kc7 Rc1+ 65. Kd8
h2 66. d7 Ke5 67. Bb7 1-0

[Event "Solingen-ch 2012"]
[Site "Solingen"]
[Date "2012.12.07"]
[Round "7.3"]
[White "Görke, Joachim"]
[Black "Winkler, Fabian"]
[Result "1/2-1/2"]
[WhiteElo "2149"]
[BlackElo "1976"]
[PlyCount "101"]
[EventDate "2012.??.??"]
[WhiteTeam "SG Solingen"]
[BlackTeam "SG Solingen"]

1. c4 Nf6 2. Nc3 g6 3. e4 d6 4. d4 Bg7 5. f3 O-O 6. Be3 e5 7. d5 Nbd7 8. Qd2 a5
9. Bd3 Nc5 10. Bc2 Bd7 11. Nge2 Ne8 12. O-O f5 13. a3 f4 14. Bf2 Na6 15. Rab1
h5 16. b4 axb4 17. axb4 g5 18. c5 g4 19. c6 bxc6 20. dxc6 Be6 21. b5 Nc5 22.
Bxc5 dxc5 23. Qxd8 Rxd8 24. Nd5 Bxd5 25. exd5 Rb8 26. Nc3 Nd6 27. Be4 g3 28.
Na4 Rxb5 29. Rxb5 Nxb5 30. Nxc5 Nd4 31. Na6 Rc8 32. Nxc7 Rxc7 33. d6 Rxc6 34.
Bxc6 Nxc6 35. hxg3 fxg3 36. Rc1 Nd8 37. Rc7 Kf8 38. Kf1 Bf6 39. Ke2 Ne6 40. Kf1
h4 41. Rc8+ Kf7 42. Kg1 Nd8 43. Rc4 Ke6 44. f4 Kd5 45. Ra4 Kxd6 46. fxe5+ Kxe5
47. Ra5+ Ke4 48. Ra4+ Bd4+ 49. Kh1 Ne6 50. Ra3 Nf4 51. Rxg3 1/2-1/2

[Event "Solingen-ch 2012"]
[Site "Solingen"]
[Date "2012.12.07"]
[Round "7.4"]
[White "Große-Hering, Peter"]
[Black "Speck, Stefan"]
[Result "1-0"]
[WhiteElo "1928"]
[BlackElo "1994"]
[PlyCount "65"]
[EventDate "2012.??.??"]
[WhiteTeam "SV Horst-Emscher 31"]
[BlackTeam "SC Solingen 1928"]

1. g3 d5 2. Bg2 c6 3. Nf3 Bg4 4. d3 Nd7 5. O-O e5 6. e4 dxe4 7. dxe4 Ngf6 8.
Nbd2 Bc5 9. h3 Bh5 10. Qe2 O-O 11. a4 a5 12. Nc4 Qe7 13. Bd2 b6 14. Bc3 Bb4 15.
Bxb4 Bxf3 16. Bxf3 Qxb4 17. Rfd1 Rfd8 18. Rd2 b5 19. Nd6 Qxb2 20. Rad1 bxa4 21.
Qc4 Rf8 22. Qxa4 Qc3 23. Be2 Nc5 24. Qxc6 Ncxe4 25. Bc4 Qf3 26. Nxf7 Qh5 27.
Nd8+ Kh8 28. Qxa8 Nxd2 29. Rxd2 g6 30. Qb7 Qxh3 31. Qe7 Qh6 32. Nf7+ Rxf7 33.
Qxf7 1-0

[Event "Solingen-ch 2012"]
[Site "Solingen"]
[Date "2012.12.07"]
[Round "7.5"]
[White "Zolfagharian, Kevin"]
[Black "Boschek, Dr. Hans-Joachim"]
[Result "1/2-1/2"]
[WhiteElo "1981"]
[BlackElo "1931"]
[PlyCount "60"]
[EventDate "2012.??.??"]
[WhiteTeam "SG Solingen"]
[BlackTeam "SV 1922 Hilden"]

1. e4 e5 2. Nf3 Nf6 3. Nxe5 d6 4. Nf3 Nxe4 5. Nc3 Nxc3 6. dxc3 Be7 7. Bf4 O-O
8. Qd2 Nd7 9. h4 Nc5 10. O-O-O c6 11. Bd3 Qa5 12. Bxh7+ Kxh7 13. Qe2 Ne6 14.
Ng5+ Kg8 15. Qh5 Qf5 16. Be3 Nf4 17. Bxf4 Qxf4+ 18. Kb1 Bf5 19. Rd4 Bg6 20. Qd1
Qxf2 21. Rf1 Bxc2+ 22. Qxc2 Qxc2+ 23. Kxc2 d5 24. Nf3 Bf6 25. Rg4 Rae8 26. Nd2
Re6 27. Nb3 Be7 28. Nd4 Re4 29. Rxe4 dxe4 30. Rf4 g6 1/2-1/2

[Event "Solingen-ch 2012"]
[Site "Solingen"]
[Date "2012.12.07"]
[Round "7.7"]
[White "Nettekoven, Dr. Wolfgang"]
[Black "Brinkmann, Katharina"]
[Result "1-0"]
[WhiteElo "1776"]
[BlackElo "1545"]
[PlyCount "47"]
[EventDate "2012.??.??"]
[WhiteTeam "Pulheimer SC"]
[BlackTeam "SF Köln-Mülheim"]

1. e4 c5 2. d4 cxd4 3. c3 d3 4. Bxd3 Nc6 5. Nf3 d6 6. O-O g6 7. Be3 Bg7 8. Nbd2
Nf6 9. h3 O-O 10. Qb3 Nd7 11. Qc2 Nc5 12. Be2 Kh8 13. Rad1 Qc7 14. Nb3 Nxb3 15.
Qxb3 Be6 16. Qa4 f5 17. exf5 Bxf5 18. Nd4 Nxd4 19. Bxd4 e5 20. Be3 Bf6 21. Qb4
Be7 22. Qb3 Rfc8 23. Bf3 e4 24. Bd4+ 1-0

[Event "Solingen-ch 2012"]
[Site "Solingen"]
[Date "2012.12.07"]
[Round "7.8"]
[White "Maj, Kornel"]
[Black "Sherif, Amina"]
[Result "0-1"]
[WhiteElo "1755"]
[BlackElo "1565"]
[PlyCount "114"]
[EventDate "2012.??.??"]
[WhiteTeam "ESG 1851"]
[BlackTeam "SG Solingen"]

1. e4 c5 2. Nf3 d6 3. d4 cxd4 4. Nxd4 Nf6 5. Nc3 a6 6. Bg5 Nbd7 7. f4 Qc7 8.
Qf3 e6 9. O-O-O Be7 10. Bd3 b5 11. Rhe1 Bb7 12. Qg3 h6 13. Bxf6 Bxf6 14. Bxb5
axb5 15. Ndxb5 Qb8 16. Nxd6+ Kf8 17. e5 Be7 18. f5 Bd5 19. Kb1 Nxe5 20. Nxf7
Nxf7 21. Qxb8+ Rxb8 22. fxe6 Bxa2+ 23. Kxa2 Nd6 24. Nd5 Ke8 25. b4 Rf8 26. Re2
Rb7 27. Kb3 Nf5 28. g4 Nd6 29. Ra1 Rb8 30. Ra7 Nc8 31. Rd7 Bd6 32. c3 Rb5 33.
Nc7+ Bxc7 34. Rxc7 Ne7 35. Ra2 Rb8 36. Raa7 Nc8 37. Ra6 Ne7 38. Rd7 Rf6 39.
Rdd6 Nc8 40. Rdc6 Ne7 41. Rc5 Rd8 42. b5 Nd5 43. c4 Nf4 44. Rcc6 Ke7 45. Ra7+
Ke8 46. Raa6 Ke7 47. Rc7+ Ke8 48. e7 Rd7 49. b6 Rxb6+ 50. Rxb6 Rxc7 51. Rd6
Kxe7 52. Rd4 Ne6 53. Re4 Kd6 54. Kb4 Rb7+ 55. Kc3 Rf7 56. Kb4 Rf4 57. Rxf4 Nxf4
0-1

[Event "Solingen-ch 2012"]
[Site "Solingen"]
[Date "2012.12.07"]
[Round "7.9"]
[White "Skiber, Friedel"]
[Black "Andrä, Philipp"]
[Result "0-1"]
[WhiteElo "1770"]
[BlackElo "1894"]
[PlyCount "74"]
[EventDate "2012.??.??"]
[WhiteTeam "SG Solingen"]
[BlackTeam "SG Solingen"]

1. e4 c5 2. Nf3 d6 3. d4 cxd4 4. Nxd4 Nf6 5. Nc3 a6 6. f4 b5 7. a3 Bb7 8. Bd3
Nbd7 9. Nf3 e6 10. O-O Be7 11. Qe1 Qc7 12. Be3 O-O 13. Ng5 h6 14. Nf3 Ng4 15.
Bd4 e5 16. Nd5 Bxd5 17. exd5 Rfe8 18. fxe5 dxe5 19. Qg3 Ngf6 20. Nxe5 Nxe5 21.
Bxe5 Bc5+ 22. Kh1 Qxe5 23. Qf3 Qxd5 24. Qg3 Bd6 25. Qh4 Qh5 26. Qxh5 Nxh5 27.
a4 b4 28. Bc4 Nf6 29. Rad1 Be5 30. b3 a5 31. Bb5 Re7 32. Rde1 Raa7 33. Rd1 Ng4
34. Rd8+ Kh7 35. h3 Ne3 36. Re1 Bg3 37. Re2 Nf5 0-1

[Event "Solingen-ch 2012"]
[Site "Solingen"]
[Date "2012.12.07"]
[Round "7.10"]
[White "Kopernok, Ingo"]
[Black "Porstmann, Jan"]
[Result "0-1"]
[WhiteElo "824"]
[BlackElo "1894"]
[PlyCount "82"]
[EventDate "2012.??.??"]
[WhiteTeam "SG Solingen"]
[BlackTeam "SG Solingen"]

1. e4 c5 2. Nc3 d6 3. g3 Nc6 4. f4 e6 5. Bg2 Nge7 6. d3 Nd4 7. Nf3 Nec6 8. Nxd4
cxd4 9. Ne2 Be7 10. O-O Bf6 11. Bd2 Qb6 12. Rb1 Bd7 13. c3 dxc3+ 14. Kh1 cxd2
15. Qxd2 Rc8 16. b3 O-O 17. Rbc1 Nd4 18. Nxd4 Bxd4 19. Rxc8 Rxc8 20. h3 Be3 21.
Qb2 Bb5 22. Rd1 Bf2 23. Rc1 Rxc1+ 24. Qxc1 Qc5 25. Qd2 Bxg3 26. b4 Qf2 27. Qc1
Qe1+ 28. Qxe1 Bxe1 29. Bf1 Bxb4 30. Kg2 f6 31. Kf3 Bc5 32. h4 Kf7 33. Kg4 Bd4
34. Be2 Ba4 35. Kg3 b5 36. Kg2 b4 37. Kf1 b3 38. axb3 Bxb3 39. Ke1 a5 40. Bd1
Bxd1 41. Kxd1 a4 0-1

[Event "Solingen-ch 2012"]
[Site "Solingen"]
[Date "2012.12.07"]
[Round "7.13"]
[White "Müller, Ernst"]
[Black "Sherif, Malik"]
[Result "1-0"]
[WhiteElo "1528"]
[BlackElo "1361"]
[PlyCount "51"]
[EventDate "2012.??.??"]
[WhiteTeam "SG Solingen"]
[BlackTeam "SG Solingen"]

1. e4 c5 2. Nf3 Nc6 3. d4 cxd4 4. Nxd4 Nf6 5. Nc3 g6 6. Be3 Bg7 7. Bc4 O-O 8.
Bb3 Na5 9. e5 Nxb3 10. axb3 Nh5 11. g4 Bxe5 12. gxh5 a6 13. hxg6 fxg6 14. h4
Bf6 15. Ne4 b5 16. Nxf6+ exf6 17. Qf3 Rb8 18. Qg3 Bb7 19. Rh2 Kh8 20. O-O-O Re8
21. Qd6 Rc8 22. c3 Rc7 23. b4 Kg7 24. Rg1 Qc8 25. Nf5+ Kh8 26. Qxf6+ 1-0

[Event "Solingen-ch 2012"]
[Site "Solingen"]
[Date "2012.12.07"]
[Round "7.15"]
[White "Schubert, Stefan"]
[Black "Kaiser, Stephan"]
[Result "0-1"]
[WhiteElo "983"]
[BlackElo "1484"]
[PlyCount "78"]
[EventDate "2012.??.??"]
[WhiteTeam "SG Solingen"]
[BlackTeam "SG Solingen"]

1. e4 e5 2. d4 exd4 3. Qxd4 Nc6 4. Qe3 d6 5. Bd2 Be7 6. Nf3 Nf6 7. h3 O-O 8.
Na3 Re8 9. Bd3 d5 10. e5 d4 11. Qe2 Nd5 12. Nc4 b5 13. Na5 Nxa5 14. Bxa5 Nf4
15. Qf1 a6 16. O-O-O Be6 17. Be4 Ra7 18. Rxd4 Qb8 19. Bb4 Bc4 20. Qe1 c5 21.
Bxc5 Bxc5 22. Bxh7+ Kxh7 23. Rxf4 Qb6 24. Qe4+ g6 25. Rh4+ Kg7 26. Ng5 Rd7 27.
Rh7+ Kg8 28. Rh8+ Kxh8 29. Qh4+ Kg7 30. Qh7+ Kf8 31. Qh8+ Ke7 32. Qh4 Bxf2 33.
g3 Qe3+ 34. Kb1 Bxg3 35. Qg4 Bxe5 36. Ne4 Kd8 37. Qh4+ Kc7 38. Re1 Qd4 39. Qg4
Qxb2# 0-1

[Event "Solingen-ch 2012"]
[Site "Solingen"]
[Date "2012.12.07"]
[Round "7.16"]
[White "Nink, Niklas"]
[Black "Wolf, Wieland"]
[Result "1-0"]
[WhiteElo "978"]
[BlackElo "1370"]
[PlyCount "63"]
[EventDate "2012.??.??"]
[WhiteTeam "SG Solingen"]
[BlackTeam "SG Solingen"]

1. e4 e5 2. Nf3 Nc6 3. Bc4 Nf6 4. Ng5 d5 5. exd5 Na5 6. Bb5+ c6 7. dxc6 bxc6 8.
Bd3 h6 9. Ne4 Be7 10. Nbc3 Bg4 11. Nxf6+ Bxf6 12. Qxg4 O-O 13. O-O Kh8 14. b4
Nb7 15. Qe4 g6 16. Qxc6 Nd6 17. Ne4 Nxe4 18. Bxe4 Rc8 19. Qa4 Qb6 20. c3 Rfd8
21. Qb3 Rd7 22. d3 Bg7 23. Be3 Qd8 24. d4 f5 25. Bd3 e4 26. Ba6 Rcc7 27. Bb5
Rd6 28. Bf4 Bxd4 29. cxd4 Rxd4 30. Bxc7 Qxc7 31. Qb2 Qd8 32. Rad1 1-0

[Event "Solingen-ch 2012"]
[Site "Solingen"]
[Date "2012.12.07"]
[Round "7.18"]
[White "Mix, Lothar"]
[Black "Kirschbaum, Alexander"]
[Result "0-1"]
[WhiteElo "1456"]
[BlackElo "1450"]
[PlyCount "96"]
[EventDate "2012.??.??"]
[WhiteTeam "SG Solingen"]
[BlackTeam "SG Solingen"]

1. e4 e5 2. Nf3 Nc6 3. d3 Nf6 4. Nc3 Bb4 5. Bd2 O-O 6. Be2 Re8 7. O-O d5 8.
exd5 Nxd5 9. a3 Bxc3 10. bxc3 e4 11. dxe4 Rxe4 12. Bd3 Re8 13. Ng5 Nf6 14. Bc4
Ne5 15. Bb3 h6 16. f4 hxg5 17. fxe5 Rxe5 18. Qc1 g4 19. Bg5 Rf5 20. Rxf5 Bxf5
21. Qb2 Qd6 22. Rf1 Qe5 23. Qa2 Rf8 24. Bxf6 Qxf6 25. Qa1 Qb6+ 26. Kh1 Be6 27.
Rb1 Re8 28. c4 Qc5 29. Re1 Rd8 30. c3 Bxc4 31. Bxc4 Qxc4 32. Qc1 Kf8 33. Qe3
Qe6 34. Qxe6 fxe6 35. Kg1 Ke7 36. Kf2 Rd2+ 37. Re2 Rxe2+ 38. Kxe2 Kd6 39. Kd3
Kc5 40. c4 b5 41. cxb5 Kxb5 42. Ke4 Kc4 43. Kf4 Kd4 44. Kxg4 c5 45. Kf3 Kd3 46.
g4 c4 47. h4 c3 48. g5 c2 0-1